Multirodinná firma - forma podnikání nebo přechodná fáze rodinné firmy?
Priblíženie multirodinných firiem, ich potenciálnych špecifík a dynamiky cez ich existujúce teoretické východiská. Pojmy rodinná a multirodinná firma. Vznik, premena a trvanie multirodinných firiem.
Na minha lista:
| Autor principal: | |
|---|---|
| Formato: | Capítulo de Livro |
| Idioma: | tcheco |
| Assuntos: | |
| Tags: |
Sem tags, seja o primeiro a adicionar uma tag!
|
MARC
| LEADER | 00000naa a2200000 4500 | ||
|---|---|---|---|
| 001 | 0266987 | ||
| 005 | 20200708140200.2 | ||
| 041 | 0 | |a cze | |
| 044 | |a CZ | ||
| 245 | 1 | 0 | |a Multirodinná firma - forma podnikání nebo přechodná fáze rodinné firmy? |c Aleš Kubíček |
| 520 | |a Priblíženie multirodinných firiem, ich potenciálnych špecifík a dynamiky cez ich existujúce teoretické východiská. Pojmy rodinná a multirodinná firma. Vznik, premena a trvanie multirodinných firiem. | ||
| 610 | 2 | 0 | |a firmy |
| 610 | 2 | 0 | |a podnik rodinný |
| 610 | 2 | 0 | |a podnik malý |
| 610 | 2 | 0 | |a podnik stredný |
| 610 | 2 | 0 | |a rodina |
| 100 | 1 | |a Kubíček, Aleš | |